000 00457nam a2200193Ia 4500
005 20240823030929.0
008 240823s9999||||xx |||||||||||||| ||und||
020 _a978-81-318-0583-1
041 _aENGLISH
082 _A621.4021 Q0
100 _aRajput R K
245 0 _aApplied Thermodynamics
250 _a1st
260 _c2010
_b"Laxmi Pub,New Delhi"
500 _aYES
650 _aThermodynamics
_bMechanical
942 _cBK
999 _c189864
_d189864